Cuentos brutales /
Guardado en:
| Autor Principal: | |
|---|---|
| Otros Autores: | , |
| Formato: | Libro |
| Publicado: |
Buenos Aires :
Cantaro,
1999
|
| Series: | Del Mirador / dirigida por Silvina Marsimian de Agosti
|
| Materias: | |
| Etiquetas: |
Agregar Etiqueta
Sin Etiquetas, Sea el primero en etiquetar este registro!
|
| LEADER | 00873nam a22002535a 4500 | ||
|---|---|---|---|
| 001 | CEM.cems010014 | ||
| 005 | 20101109101702.0 | ||
| 008 | 130507s1999##################000#0#####d | ||
| 003 | CEMS | ||
| 020 | |a 9507530304 | ||
| 082 | 0 | 4 | |a A863.4 |
| 100 | 1 | |a Walsh, Rodolfo | |
| 245 | 1 | 0 | |a Cuentos brutales / |c Rodolfo Walsh, Abelardo Castillo y Luisa Valenzuela |
| 260 | |a Buenos Aires : |b Cantaro, |c 1999 | ||
| 300 | |a 95 p. | ||
| 490 | 0 | |a Del Mirador / dirigida por Silvina Marsimian de Agosti | |
| 505 | 0 | |a Un oscuro día de justicia / Rodolfo Walsh -- Patrón / Abelardo Castillo -- Los censores / Luisa Valenzuela | |
| 653 | |a Literatura argentina-siglo 20 | ||
| 653 | |a Literatura | ||
| 653 | |a Cuentos | ||
| 653 | |a Cuento argentino-siglo 20 | ||
| 700 | 1 | |a Castillo, Aberlardo | |
| 700 | 1 | |a Valenzuela, Luisa | |
| 859 | |a CEMS |b BIB. CEMS - 11 de abril |h A863.4 |i W168-4 |p 20491.99 |t Ej.1 | ||
